[Event "Chervonograd 10th"]
[Site "Chervonograd"]
[Date "2014.11.29"]
[Round "5"]
[White "Moliboga, Vladimir"]
[Black "Shtembuliak, Evgeny"]
[Result "0-1"]
[WhiteElo "2268"]
[BlackElo "2348"]
[PlyCount "98"]
[EventDate "2014.11.27"]
[EventType "tourn"]
[EventRounds "11"]
[EventCountry "UKR"]
[EventCategory "1"]
[SourceTitle "CBM 163 Extra"]
[Source "ChessBase"]
[SourceDate "2014.12.23"]
[SourceVersion "1"]
[SourceVersionDate "2014.12.23"]
[SourceQuality "1"]

1. e4 c5 2. Nf3 e6 3. d3 Nc6 4. Nbd2 d5 5. g3 g6 6. Bg2 Bg7 7. 0-0 Nge7 8. Qe2 b6 9. Re1 h6 10. h4 a5 11. e5 g5 12. hxg5 hxg5 13. Nxg5 Nxe5 14. Ndf3 N5c6 15. c4 Qd7 16. Bd2 e5 17. Nxf7 Kxf7 18. cxd5 Nb4 19. Ng5+ Ke8 20. d6 Nec6 21. Bxb4 axb4 22. Qe4 Bb7 23. Qg6+ Kd8 24. Nf7+ Kc8 25. Qxg7 Re8 26. Qh7 Kb8 27. Bh3 Re6 28. Ng5 Qxh7 29. Nxh7 Rxd6 30. Bg2 Rxd3 31. Nf6 Rd2 32. b3 Raxa2 33. Rxa2 Rxa2 34. Nd7+ Kc7 35. Nxe5 Nd4 36. Bxb7 Kxb7 37. g4 Nxb3 38. g5 Ra8 39. Kg2 b5 40. f4 Nd4 41. Nd3 Kb6 42. Re5 b3 43. g6 c4 44. Nb2 c3 45. Nd3 b2 46. Nxb2 cxb2 47. Re1 Ra1 48. g7 Rxe1 49. g8Q b1Q 0-1

[Event "Chervonograd 10th"]
[Site "Chervonograd"]
[Date "2014.11.27"]
[Round "1"]
[White "Moliboga, Vladimir"]
[Black "Terletsky, Oleg"]
[Result "0-1"]
[WhiteElo "2268"]
[BlackElo "2313"]
[PlyCount "88"]
[EventDate "2014.11.27"]
[EventType "tourn"]
[EventRounds "11"]
[EventCountry "UKR"]
[EventCategory "1"]
[SourceTitle "CBM 163 Extra"]
[Source "ChessBase"]
[SourceDate "2014.12.23"]
[SourceVersion "1"]
[SourceVersionDate "2014.12.23"]
[SourceQuality "1"]

1. Nf3 Nf6 2. g3 g6 3. b3 Bg7 4. Bb2 0-0 5. Bg2 c5 6. c4 d5 7. cxd5 Qxd5 8. 0-0 Qh5 9. d3 Bh3 10. Bxh3 Qxh3 11. Ng5 Qh5 12. Nf3 Nc6 13. Nbd2 Rfd8 14. Rc1 b6 15. a3 Rac8 16. Kg2 e5 17. Rc4 Nd4 18. Bxd4 exd4 19. b4 Nd5 20. bxc5 Nc3 21. Qb3 b5 22. Rxc3 dxc3 23. Ne4 Qd5 24. Qc2 f5 25. Nxc3 Rxc5 26. d4 Rcc8 27. Nxd5 Rxc2 28. Nf4 Bh6 29. Rb1 Bxf4 30. gxf4 a6 31. e3 Rdc8 32. Ne5 R8c3 33. a4 bxa4 34. Rb8+ Rc8 35. Rb4 a3 36. Ra4 a2 37. Rxa6 Rd2 38. d5 Rc1 39. Ra8+ Kg7 40. Ra7+ Kf8 41. Ra8+ Ke7 42. Ra7+ Kd8 43. Ra8+ Kc7 44. d6+ Kb7 0-1

[Event "Krakow op-A 22nd"]
[Site "Krakow"]
[Date "2012.01.04"]
[Round "9"]
[White "Moliboga, Vladimir"]
[Black "Mertanen, Janne"]
[Result "1/2-1/2"]
[WhiteElo "2251"]
[BlackElo "2374"]
[PlyCount "103"]
[EventDate "2011.12.27"]
[EventType "swiss"]
[EventRounds "9"]
[EventCountry "POL"]
[SourceTitle "CBM 146 Extra"]
[Source "ChessBase"]
[SourceDate "2012.02.29"]
[SourceVersion "1"]
[SourceVersionDate "2012.02.29"]
[SourceQuality "1"]

1. e4 Nc6 2. Nc3 Nf6 3. d4 d5 4. e5 Nd7 5. Nge2 Nb6 6. Ng3 g6 7. h4 h5 8. Nce2 Bg4 9. f3 Be6 10. Nf4 Qd7 11. c3 Bh6 12. Kf2 Nd8 13. a4 Nc4 14. b3 Na5 15. Bb5 c6 16. Bd3 Qc7 17. b4 Nc4 18. Re1 Nb2 19. Bxb2 Bxf4 20. Ne2 Bh6 21. Bc1 Bxc1 22. Qxc1 a5 23. Nf4 Qb6 24. b5 c5 25. Qe3 Rc8 26. Rac1 Qc7 27. Bf1 c4 28. Be2 Qd7 29. Rh1 Bf5 30. g3 Ne6 31. Nxe6 Qxe6 32. Bf1 f6 33. Bg2 fxe5 34. Rhe1 0-0 35. Qxe5 Qxe5 36. Rxe5 e6 37. Ke3 Kg7 38. Kd2 b6 39. Rce1 Rf6 40. Bf1 Rcf8 41. Be2 Rh8 42. Bd1 Kf7 43. Rh1 Bd3 44. Rh2 Ke7 45. Rh1 Kf7 46. Rhe1 Rh7 47. f4 Rh8 48. Bf3 Rd8 49. Bg2 Bf5 50. Kc1 Rd7 51. R1e3 Rd8 52. Kb2 1/2-1/2

[Event "Krakow op-A 22nd"]
[Site "Krakow"]
[Date "2012.01.02"]
[Round "6"]
[White "Moliboga, Vladimir"]
[Black "Solys, Laimutis"]
[Result "1/2-1/2"]
[WhiteElo "2251"]
[BlackElo "2335"]
[PlyCount "54"]
[EventDate "2011.12.27"]
[EventType "swiss"]
[EventRounds "9"]
[EventCountry "POL"]
[SourceTitle "CBM 146 Extra"]
[Source "ChessBase"]
[SourceDate "2012.02.29"]
[SourceVersion "1"]
[SourceVersionDate "2012.02.29"]
[SourceQuality "1"]

1. Nf3 Nf6 2. c4 g6 3. g3 Bg7 4. Bg2 0-0 5. 0-0 d5 6. Qc2 Nc6 7. d3 Bg4 8. Nbd2 Qd7 9. Re1 e5 10. cxd5 Nxd5 11. a3 a5 12. Qd1 Rfe8 13. Ne4 b6 14. Bd2 Rad8 15. Nc3 Nxc3 16. Bxc3 Nd4 17. Bxd4 exd4 18. b4 Qb5 19. Qd2 axb4 20. axb4 Bf8 21. Rab1 Bg7 22. Rec1 Re7 23. Qf4 Qf5 24. Qxf5 Bxf5 25. Rb2 Bg4 26. h3 Bxf3 27. Bxf3 Be5 1/2-1/2

[Event "Nabokov Memorial-B 9th"]
[Site "Kiev"]
[Date "2011.04.23"]
[Round "7"]
[White "Moliboga, Vladimir"]
[Black "Koziak, Vitali"]
[Result "0-1"]
[WhiteElo "2277"]
[BlackElo "2471"]
[PlyCount "222"]
[EventDate "2011.04.18"]
[EventType "tourn"]
[EventRounds "9"]
[EventCountry "UKR"]
[EventCategory "3"]
[SourceTitle "CBM 142 Extra"]
[Source "ChessBase"]
[SourceDate "2011.06.27"]
[SourceVersion "1"]
[SourceVersionDate "2011.06.27"]
[SourceQuality "1"]

1. e4 c5 2. Nf3 d6 3. Bb5+ Nc6 4. Bxc6+ bxc6 5. 0-0 e5 6. d3 Nf6 7. Nbd2 g6 8. a3 a5 9. a4 Bg7 10. Nc4 0-0 11. Bd2 Be6 12. Re1 Nxe4 13. Rxe4 d5 14. Rxe5 dxc4 15. Rxc5 cxd3 16. cxd3 Bxb2 17. Rb1 Bg7 18. Bf4 Bd5 19. h3 Re8 20. Rc2 Qd7 21. Be3 Rab8 22. Rxb8 Rxb8 23. Rc5 Qd8 24. Bf4 Rb2 25. Be3 Bf8 26. Rc1 Bb3 27. Qe1 Bb4 28. Bd2 Bxa4 29. Bc3 Rc2 30. Rxc2 Bxc2 31. Bxb4 axb4 32. Qxb4 Bxd3 33. Ne5 Bb5 34. f4 f6 35. Nf3 Kf7 36. Qb3+ Kg7 37. Qe3 Bc4 38. f5 Qd1+ 39. Kh2 Qd6+ 40. Kg1 Qd1+ 41. Kh2 Qd6+ 42. Kg1 c5 43. fxg6 hxg6 44. Kf2 Bd5 45. Qd3 c4 46. Qd4 Qc6 47. Qc3 Bxf3 48. gxf3 Kf7 49. Ke3 Qd5 50. Qb4 g5 51. Qa3 Qe5+ 52. Kd2 Qd4+ 53. Ke2 c3 54. Qb3+ Kg7 55. Qb7+ Kg6 56. Qc8 Qe5+ 57. Kf1 Qe3 58. Kg2 Qe2+ 59. Kg3 Qe5+ 60. Kg2 Kf7 61. Qb7+ Ke6 62. Qc6+ Ke7 63. Qb7+ Kd6 64. Qb6+ Kd7 65. Qb7+ Qc7 66. Qd5+ Ke7 67. Qe4+ Kf8 68. Qg6 Qe5 69. Qd3 Ke7 70. Qc4 Kd6 71. Qa6+ Kc5 72. Qa5+ Kd4 73. Qa4+ Ke3 74. Qd1 Qb5 75. Qc1+ Kd4 76. Qg1+ Kd5 77. Qd1+ Ke6 78. Qd8 Qc6 79. Qg8+ Ke5 80. Qb8+ Kd4 81. Qd8+ Ke3 82. Qe7+ Kd3 83. Qd8+ Kc2 84. Qd4 Kb3 85. Qd3 Qc4 86. Qb1+ Ka4 87. Qa1+ Kb4 88. Qb1+ Qb3 89. Qe4+ Ka3 90. Qe7+ Kb2 91. Qxf6 Qc2+ 92. Kg3 Qd2 93. Qb6+ Kc1 94. Qg1+ Kc2 95. Kg4 Qf4+ 96. Kh5 Qxf3+ 97. Kxg5 Qxh3 98. Kf4 Qh6+ 99. Ke4 Qe6+ 100. Kf4 Qd6+ 101. Ke4 Qd3+ 102. Kf4 Kb2 103. Qb6+ Kc1 104. Qg1+ Qd1 105. Qc5 Qd2+ 106. Ke4 Qe2+ 107. Kf4 c2 108. Qg1+ Kd2 109. Qd4+ Qd3 110. Qb4+ Ke2 111. Qc5 Qf3+ 0-1

[Event "Nabokov Memorial-B 9th"]
[Site "Kiev"]
[Date "2011.04.21"]
[Round "4"]
[White "Moliboga, Vladimir"]
[Black "Ogleznev, Alexandr"]
[Result "0-1"]
[WhiteElo "2277"]
[BlackElo "2313"]
[PlyCount "92"]
[EventDate "2011.04.18"]
[EventType "tourn"]
[EventRounds "9"]
[EventCountry "UKR"]
[EventCategory "3"]
[SourceTitle "CBM 142 Extra"]
[Source "ChessBase"]
[SourceDate "2011.06.27"]
[SourceVersion "1"]
[SourceVersionDate "2011.06.27"]
[SourceQuality "1"]

1. e4 c5 2. Nf3 e6 3. c3 Nf6 4. d3 Nc6 5. Nbd2 d5 6. Be2 Be7 7. 0-0 0-0 8. Re1 Qc7 9. Qc2 b6 10. Bf1 Bb7 11. a3 Rac8 12. Qa4 dxe4 13. dxe4 a6 14. e5 Nd7 15. Qf4 b5 16. c4 b4 17. Qg3 Rfd8 18. Bd3 Ndxe5 19. Nxe5 Nxe5 20. Bxh7+ Kxh7 21. Rxe5 Kg8 22. Re1 Qxg3 23. hxg3 Rd3 24. Nf1 Bf6 25. Ne3 Rb3 26. axb4 cxb4 27. Ra2 Ra8 28. Nc2 a5 29. f3 Rd3 30. Ra1 Rc8 31. Ne3 Rc5 32. Kf2 Bc6 33. Ng4 Bd4+ 34. Be3 Rxc4 35. Bxd4 Rdxd4 36. Rxa5 Rd2+ 37. Ke3 Rxb2 38. Ne5 Rb3+ 39. Kf2 Rc2+ 40. Kg1 Bd5 41. Ra7 Rbb2 42. Kh2 Rxg2+ 43. Kh3 f6 44. Nd3 Rh2+ 45. Kg4 Rb3 46. Re3 Rd2 0-1

[Event "Nabokov Memorial-B 9th"]
[Site "Kiev"]
[Date "2011.04.20"]
[Round "3"]
[White "Nikolaev, Leonid"]
[Black "Moliboga, Vladimir"]
[Result "1/2-1/2"]
[WhiteElo "2338"]
[BlackElo "2277"]
[PlyCount "61"]
[EventDate "2011.04.18"]
[EventType "tourn"]
[EventRounds "9"]
[EventCountry "UKR"]
[EventCategory "3"]
[SourceTitle "CBM 142 Extra"]
[Source "ChessBase"]
[SourceDate "2011.06.27"]
[SourceVersion "1"]
[SourceVersionDate "2011.06.27"]
[SourceQuality "1"]

1. Nf3 g6 2. g3 Bg7 3. d4 c5 4. Bg2 cxd4 5. Nxd4 Nc6 6. Nb3 d6 7. 0-0 Bd7 8. Nc3 Nf6 9. h3 0-0 10. e4 Ne5 11. Nd4 Rc8 12. Kh2 a6 13. a4 Rc4 14. Nde2 Rc8 15. f4 Nc4 16. b3 Na5 17. Be3 Nc6 18. Qd2 Qa5 19. Bf3 h5 20. Rac1 Rfd8 21. Rfd1 Be8 22. Nd5 Qxd2 23. Rxd2 Nd7 24. Rcd1 b5 25. axb5 axb5 26. g4 hxg4 27. Bxg4 Rb8 28. Nc7 Nf6 29. Bf3 Rdc8 30. Nxe8 Nxe8 31. Rc1 1/2-1/2